Hòn tuyết lăn = The snowball : Tự truyện của Warren Buffett - Một doanh nhân vĩ đại và là một nhà hiền triết = Warren Buffett and the business of life

Nội dung sách nói về cuộc đời và sự nghiệp của Warren Buffett

שמור ב:
מידע ביבליוגרפי
מחבר ראשי: Schroeder, Alice
פורמט: ספר
שפה:Undetermined
יצא לאור: Thành phố Hồ Chí Minh Trẻ 2010
נושאים:
תגים: הוספת תג
אין תגיות, היה/י הראשונ/ה לתייג את הרשומה!
Thư viện lưu trữ: Trung tâm Học liệu Trường Đại học Cần Thơ
LEADER 00897nam a2200229Ia 4500
001 CTU_158636
008 210402s9999 xx 000 0 und d
020 |c 153000 
082 |a 332.6092 
082 |b S381/T.2 
100 |a Schroeder, Alice 
245 0 |a Hòn tuyết lăn = 
245 4 |b The snowball : Tự truyện của Warren Buffett - Một doanh nhân vĩ đại và là một nhà hiền triết = Warren Buffett and the business of life 
245 0 |c Alice Schroeder 
260 |a Thành phố Hồ Chí Minh 
260 |b Trẻ 
260 |c 2010 
520 |a Nội dung sách nói về cuộc đời và sự nghiệp của Warren Buffett 
650 |a Capitalists and financiers,Investments 
650 |z United States,United States 
904 |i Bé Ba ( Bạch Trúc) 
980 |a Trung tâm Học liệu Trường Đại học Cần Thơ